Deconstruir el archivo : la historia, la huella, la ceniza /

Guardat en:
Dades bibliogràfiques
Autor principal: Nava Murcia, Ricardo (autor)
Format: Llibre
Idioma:espanyol
Publicat: México : Universidad Iberoamericana, Plantel Santa Fe, 2025, c2025
Edició:2a edición
Col·lecció:(El Oficio de la Historia)
Matèries:
Etiquetes: Afegir etiqueta
Sense etiquetes, Sigues el primer a etiquetar aquest registre!

MARC

LEADER 00000nam^a2200000^a^4500
001 000629794
005 20260408000000.0
009 20260409133035.925
020 |a 978-607-2644-61-8 
037 |a Acervo ITESO - Biblioteca 
041 |a ESP 
082 |a 900.  |b OFI V. 3 
100 |a Nava Murcia, Ricardo  |e (autor) 
240 1 1 |a [Deconstruir el archivo: la historia, la huella, la ceniza] 
245 1 0 |a Deconstruir el archivo :  |b la historia, la huella, la ceniza /  |c R. Nava Murcia ; pról. de F. Betancourt Martínez. 
250 |a 2a edición 
264 4 |a México :  |b Universidad Iberoamericana, Plantel Santa Fe,  |c 2025, c2025 
300 |a 175 p. 
336 |a texto  |b txt  |2 rdacontenido 
337 |a sin mediación  |b n  |2 rdamedio 
338 |a volumen  |b nc  |2 rdasoporte 
440 4 |a (El Oficio de la Historia) 
649 |a XX 
650 |a Historiadores Franceses 
650 |a Filósofos Franceses 
650 |a Archivos -  |x Filosofía -  |x Tema Principal 
650 |a Historia -  |x Fuentes 
650 |a Historia -  |x Metodología 
650 |a Historia -  |x Teoría 
650 |a Historiografía 
650 |a Historia -  |x Filosofía -  |x Tema Principal 
650 |a Certeau, Michel de 
650 |a Derrida, Jacques 
650 |a Foucault, Michel 
910 |a Fondo General 
920 |a Impresos - Libros 
930 |a Colección General 
905 |a 101 
901 |a 629794-10  |b IT1  |c ACC  |i D132173  |u 20260408 
902 |a https://opac.biblio.iteso.mx/vufind/Record/000629794